Quizzes
Events
Quiz Creation
Community
Videos
Private Events
Remove Ads
Sign In
Join for FREE
Feedback
Dark Mode
Quiz Categories
Sports
Geography
Music
Movies
Television
Just For Fun
Miscellaneous
History
Literature
Language
Science
Gaming
Entertainment
Religion
Holiday
For Kids
Quiz Lab
Recent
Popular Today
Quiz Kudos Today
Editor Picks
Curator Picks
Quizzes by...
Day
Popularity
Type
Ratings
Length
Year
Community
Subscriptions
Recent Discussions
Orange Saloon
Badges
Playlists
Quests
Create
Leaderboards
Showdown
Live 5
Trivia Bingo
Activity
Puzzle Library
Sporcle Events
Private Events
Virtual Trivia
Globe League
Become a Host
Pub Owners
SporcleCon
Opinionation
Our Games
Videos
Blog
Mobile Apps
Partnerships
Remove Ads and Go Orange
Feedback
Sports
Athletes
MLB
NBA
NHL
NFL
Soccer
Sports Teams
WWE
NCAA
Football
Premier League
Basketball
Baseball
Hockey
Golf
Tennis
Cricket
Rugby
Auto Racing
Olympics
World Cup
Sports
Athletes
MLB
NBA
NHL
NFL
Soccer
Sports Teams
WWE
NCAA
Football
Premier League
Basketball
Baseball
Hockey
Golf
Tennis
Cricket
Rugby
Auto Racing
Olympics
World Cup
Random Quiz
Search Sporcle
×
Quiz Lab
Quiz Lab
Sports
Tennis
Type in answers that appear in a list
Type in answers that appear in a list
Classic
Best Score? Go Orange.
Australian Open Ladies Champions in Order Stats
Can you name the Australian Open Ladies Champions in Order?
By
triv
10m
56 Questions
322 Plays
322 Plays
322 Plays
Comments
Comments
Give Quiz Kudos
Give Quiz Kudos
-
- Ratings
hide this ad
More Info
Forced Order
Answers have to be entered in order
Answers have to be entered in order
Replay
Link that replays current quiz
Next Quiz
Link to next quiz in quiz playlist
You Got
0%
They Got
Avg Score
84%
Avg Friend Score
Upgrade to see
Score Distribution
Jump to the score distribution portion of the page
Score
0/56
Timer
10:00
0
Plays Today
Year
Champion
% Correct
2023
Aryna Sabalenka
100%
2024
Aryna Sabalenka
100%
2022
Ashleigh Barty
97.3%
1969
Margaret Court
97.2%
2000
Lindsay Davenport
96.9%
2003
Serena Williams
96.9%
2005
Serena Williams
96.9%
2007
Serena Williams
96.9%
1970
Margaret Court
96.6%
1984
Chris Evert
96.6%
1985
Martina Navratilova
96.6%
2008
Maria Sharapova
96.6%
2009
Serena Williams
96.6%
1971
Margaret Court
96.3%
1982
Chris Evert
96.3%
1983
Martina Navratilova
96.3%
1994
Steffi Graf
96.3%
1998
Martina Hingis
96.3%
1999
Martina Hingis
96.3%
2006
Amelie Mauresmo
96.3%
1973
Margaret Court
95.9%
1974
Evonne Goolagong
95.9%
1981
Martina Navratilova
95.9%
1988
Steffi Graf
95.9%
1989
Steffi Graf
95.9%
1990
Steffi Graf
95.9%
1991
Monica Seles
95.9%
1993
Monica Seles
95.9%
Year
Champion
% Correct
1997
Martina Hingis
95.9%
2004
Justine Henin
95.9%
2010
Serena Williams
95.9%
1975
Evonne Goolagong
95.6%
1976
Evonne Goolagong
95.6%
1992
Monica Seles
95.6%
1996
Monica Seles
95.6%
2015
Serena Williams
95.6%
2013
Victoria Azarenka
95.4%
2001
Jennifer Capriati
95.3%
2002
Jennifer Capriati
95.3%
2017
Serena Williams
95.1%
2019
Naomi Osaka
95.1%
2011
Kim Clijsters
95%
2012
Victoria Azarenka
95%
2014
Na Li
94.8%
2016
Angelique Kerber
94.7%
2020
Sofia Kenin
94.2%
2021
Naomi Osaka
93.9%
1977 (December)
Evonne Goolagong
93.8%
2018
Caroline Wozniacki
93.2%
1972
Virginia Wade
92.5%
1995
Mary Pierce
92.5%
1980
Hana Mandlikova
92.2%
1987
Hana Mandlikova
91.6%
1977 (January)
Kerry Melville
88.8%
1979
Barbara Jordan
87.2%
1978
Chris O'Neil
85.9%
Quiz Playlist
Details
Report
Send in Message
Add To Playlist
More Info:
There were 2 tournaments in 1977 due to a change of schedule.
Classic:
Type in answers that appear in a list
Forced Order:
Answers have to be entered in order
Quiz Source
Last Updated: Aug 1, 2017
Quiz Scoreboard
CHALLENGE
Sign Up to Join the Scoreboard
Show All
Scores
Hide
Comments
May contain spoilers
Recently Published
NBA Finals Game Top Scorers (2010s)
by flibbidy
Sports
5m
Guess the 'R' Things in 3 Words
by MSUKent
Miscellaneous
3m
Actor to Badly Drawn Movie III
by MoMosMoProblems
Movies
5m
More to Explore
Quiz From the Vault
Featured Blog Post
Where Does Lost Luggage Go?
hide this ad
You Might Also Like...
Tags
Tennis Quiz
Australian
Australian Open
champion
Grand Slam
Lady
Women
Women Singles
Women's Tennis
Today's Top Quizzes in Sports
Browse Sports
hide this ad
Today's Top Quizzes in Tennis
Browse Tennis
Top Contributed Quizzes in Sports
1
Les joueurs à 100 buts en Ligue 1 Uber Eats
2
2022 World Cup Stars
3
2024 March Madness Bracket
4
Millionaire: NBA Finals Edition
5
Players with Multiple 50 Home Run Seasons
6
Criteria MLB: Left Handed Sluggers
7
Nickname Match: Athletes VI
8
Iconic Moments in Football - Multiple Choice
9
NFL MVPs ordered
10
NBA Championships Per City
Explore More
Trending Topics
Marvel
NBA
Crossword
Kpop
Anime
Disney
Harry Potter
WWE
NFL
Puzzle
Song
The Office
Pokémon
Soccer
Country
hide this ad
More By:
triv
Quiz
Plays
Rating
Category
Featured
Created
Year End Top 10 Men's Tennis Players of the 2010s
4,752
4.75
Sports
Feb 17, 2020
English Cathedrals Slideshow
1,321
5.00
Religion
Jul 30, 2016
Year Ending Top 10 Tennis of the 1980s (Mens)
1,050
5.00
Sports
Apr 2, 2013
Year End Top 10 Women's Tennis Players of the 2000s
890
5.00
Sports
Jan 29, 2024
Grand Slam Runners Up (1980s)
884
5.00
Sports
Jul 6, 2012
Go to Creator's Profile
Score Distribution
Quiz Creator Spotlight
triv
Follow
Send a Message
Quizzes Created
-
Created Quiz Play Count
-
More By This Creator
Popular Quizzes Today
1
Find the US States - No Outlines Minefield
2
Find the US States
3
The Countries of the World
4
10 Largest US States in Order
5
Find the Countries of Europe - No Outlines Minefield
6
US States
7
Guess the 'R' Things in 3 Words
8
NBA Finals Game Top Scorers (2010s)
More Sports Quizzes
FA Premiership (Premier League) XIs 1993-94
Quiz Lab
Trending Quizzes
First Name TV: Leading Men
Match the Book to the Film II
First Name TV: Leading Women Drama
Match the Book to the Film VI
3-Word Movies in 1 Word II
Recently Updated
Women's Final Four Teams by Year
bhenderson79
Presidents Quartet II
eogle
Anything But Clue(do)
eogle
Anything But Oceanian Capitals
eogle
Anything But 7
eogle
Anything But Thing
eogle
Word Ladder: February 29
pecheneg
Song Title Questions
pecheneg
Women's NCAA Tournament #1 Seeds
pecheneg
Celebrity Mug Shots
pecheneg
Trending Topics
Disney
Crossword
Kpop
Marvel
NBA
Harry Potter
Anime
NFL
Pokémon
Soccer
WWE
Country
The Office
Puzzle
Song
Your Account Isn't Verified!
In order to create a playlist on Sporcle, you need to verify the email address you used during registration. Go to your
Sporcle Settings
to finish the process.
Report this User
Report this user for behavior that violates our
Community Guidelines
.
Details:
Send Report
Go to the Sporcle.com Mobile Site →
Comments